000 00738nam a2200205Ia 4500
003 GCL
008 140319s9999 xx 000 0 ara d
040 _aGCL /
_cGCL
082 0 4 _a953.07393
_bأ م
100 1 _aمحمد القزاز
245 1 0 _aالمصريون والتشيع الممنوع :
_bصلاح الدين من حطين الى كامب انبروزو /
_cمحمد القزاز
700 1 _aاحمد راسم النفيس
250 _aالاولى
260 _aالقاهرة :
_bدار مصر المحروسة ،
_c2005
300 _a134ص ؛
_c15سم
650 0 4 _aالشيعة
650 0 4 _aمصر - تاريخ - العصر الايوبى ( 1171-1250 م )
650 0 4 _aالشيعة - مصر
942 _2ddc
_cBK
999 _c8650
_d8650